[Event "Challenge"]
[Site "http://www.queenalice.com/game.php?id=123679"]
[Date "2006.10.31"]
[Round "-"]
[White "pedrinho_mec04"]
[Black "Juventus"]
[Result "1-0"]
[WhiteElo "1197"]
[BlackElo "1277"]

1. e4 g6 2. b3 Bg7 3. c3 Nf6 4. Ba3 O-O 5. c4 Nxe4 6. Qe2 Bxa1 7. Qxe4 d6 8. g3
f5 9. Qc2 d5 10. cxd5 Qxd5 11. f3 Rd8 12. Bxe7 Re8 13. Qxc7 Bd7 14. Bc4 Rxe7+
15. Ne2 Qxc4 16. Qxc4+ Kf8 17. f4 Nc6 18. Na3 Na5 19. Qb4 Nc6 20. Qxb7 Rb8 21.
Qa6 Nb4 22. Qxa7 Nxa2 23. Qxb8+ Kf7 24. Rf1 Bb2 25. Qa8 Be6 26. Rf3 Rd7 27. Re3
Bd5 28. Rd3 Bxa8 29. Rxd7+ Ke6 30. Rd8 Bg2 31. Rc8 Bxa3 32. Rc7 Nb4 33. Rxh7
Nd3+ 34. Kd1 Bf3 35. Rg7 Nb2+ 36. Ke1 Kf6 37. Ra7 Bc5 38. Ra2 Nd3+ 39. Kd1 Nb4
40. Ra4 Be4 41. Ra5 Bc2+ 42. Ke1 Bf8 43. Nd4 Nd3+ 44. Kf1 Bb4 45. Ra6+ Kg7 46.
Nxc2 Bxd2 47. Rd6 Nb4 48. Rxd2 Nxc2 49. Rxc2 g5 50. Rc5 Kf6 51. b4 gxf4 52. gxf4
Ke6 53. b5 Kd6 54. Rxf5 Kc7 55. h3 Kb7 56. h4 Kc7 57. h5 Kd6 58. h6 Ke6 59. Rh5
Kf6 60. h7 Kg6 61. Rh4 Kg7 62. h8=Q+ Kf7 63. Qd8 Ke6 64. Rh5 Kf7 65. Rh6 Kg7 66.
Qd6 Kf7 67. Qd7+ Kf8 68. Rh8# 1-0

[Event "Challenge"]
[Site "http://www.queenalice.com/game.php?id=123680"]
[Date "2006.10.31"]
[Round "-"]
[White "pedrinho_mec04"]
[Black "rrenato"]
[Result "0-1"]
[WhiteElo "1100"]
[BlackElo "1419"]

1. c4 e5 2. g4 d6 3. Qa4+ Bd7 4. Qb4 Bxg4 5. Qxb7 Nd7 6. Nf3 Nc5 7. Qc6+ Bd7 8.
Qd5 c6 9. Qxc5 dxc5 10. Nxe5 f6 11. Nd3 Bd6 12. b3 Ne7 13. Rg1 g5 14. Nc3 Bxh2
15. Rh1 Qc7 16. Nxc5 Be5 17. Nxd7 Qxd7 18. Bh3 f5 19. Bb2 Bf4 20. Bc1 Rd8 21. e3
Be5 22. Bb2 Qxd2+ 23. Kf1 Bg3 24. fxg3 Qxb2 25. Rb1 Qxc3 26. Bg2 Qd3+ 27. Kf2 f4
28. gxf4 Nf5 29. Bxc6+ Kf8 30. Rhe1 Qd2+ 31. Kf3 gxf4 32. exf4 Nh4+ 33. Kg4 Rg8+
34. Kxh4 Qh2# 0-1

[Event "Challenge"]
[Site "http://www.queenalice.com/game.php?id=125197"]
[Date "2006.11.4"]
[Round "-"]
[White "Anaa"]
[Black "pedrinho_mec04"]
[Result "0-1"]
[WhiteElo "1170"]
[BlackElo "1073"]

1. e4 b6 2. Bc4 Nf6 3. c3 Nxe4 4. Qb3 e6 5. f3 Nf6 6. h4 Ba6 7. Bxa6 Nxa6 8. Rh3
Bc5 9. d4 Bd6 10. Ne2 h5 11. f4 Rh6 12. Nd2 Rg6 13. c4 Rxg2 14. a4 e5 15. fxe5
Bf8 16. Nf4 Rg4 17. exf6 Rxf4 18. Qe3+ Qe7 19. Qe2 Rxf6 20. Re3 Re6 21. d5 g6
22. Raa3 Bh6 23. Nf1 Rxe3 24. Nxe3 Bf4 25. c5 Nxc5 26. Bd2 Qxh4+ 27. Kd1 Qf6 28.
Nc4+ Kf8 29. Rf3 Re8 30. Qf2 Ne4 31. Qe2 Nxd2 32. Qd3 Nxf3 33. Qxf3 Qd4+ 34. Nd2
Qxd2# 0-1

[Event "Challenge"]
[Site "http://www.queenalice.com/game.php?id=126653"]
[Date "2006.11.8"]
[Round "-"]
[White "farofa38"]
[Black "pedrinho_mec04"]
[Result "1-0"]
[WhiteElo "1210"]
[BlackElo "1193"]

1. e4 Nc6 2. Bc4 e6 3. Qf3 g6 4. Nh3 Na5 5. b3 b6 6. d4 Nxc4 7. bxc4 Ba6 8. Qf4
Bxc4 9. Ng5 f6 10. Nh3 Bh6 11. Qg4 Bxc1 12. Nc3 Nh6 13. Qh4 Qe7 14. Rxc1 Qg7 15.
a4 Ng8 16. d5 exd5 17. exd5 Ba6 18. g4 Nh6 19. Ne4 f5 20. Nf6+ Kd8 21. gxf5 gxf5
22. d6 Qg2 23. Kd2 cxd6 24. Rcg1 Qf3 25. Qxh6 Rc8 26. Qg7 Re8 27. Qxd7# 1-0

[Event "Challenge"]
[Site "http://www.queenalice.com/game.php?id=127592"]
[Date "2006.11.10"]
[Round "-"]
[White "LucioGorgone"]
[Black "pedrinho_mec04"]
[Result "0-1"]
[WhiteElo "1237"]
[BlackElo "1176"]

1. e4 b6 2. d4 Nc6 3. c3 g5 4. Bxg5 Bh6 5. Bh4 Nf6 6. Nd2 Rg8 7. e5 Nh5 8. Qxh5
Rg6 9. Qe2 d5 10. g3 Qd7 11. Bg2 Qg4 12. f3 Qf5 13. g4 Qc2 14. Rb1 Qxc3 15. bxc3
Na5 16. Nh3 Nc4 17. Nf4 Bxf4 18. Nb3 Bd7 19. O-O Ba4 20. Qc2 Rh6 0-1

[Event "Challenge"]
[Site "http://www.queenalice.com/game.php?id=135405"]
[Date "2006.11.30"]
[Round "-"]
[White "pedrinho_mec04"]
[Black "spawnwolfwolverine"]
[Result "1/2-1/2"]
[WhiteElo "1221"]
[BlackElo "1654"]

1. c4 e6 2. b3 g6 3. Bb2 Nf6 4. g3 Bb4 5. Nc3 Nc6 6. e3 O-O 7. Nf3 Bxc3 8. dxc3
b6 9. Bg2 Bb7 10. Ba3 d6 11. h4 Ne4 12. Rc1 f5 13. Ng5 Nxg5 14. hxg5 Rb8 15. Rc2
Na5 16. Rd2 Bxg2 17. Rg1 Bd5 18. cxd5 Nc4 19. bxc4 exd5 20. Rxd5 Qxg5 21. Qa4
Qf6 22. Kd2 c5 23. Qxa7 Ra8 24. Qxb6 Rxa3 25. Rc1 Rxa2+ 26. Ke1 Ra3 27. Rxd6 Qe5
28. Rd7 Rxc3 29. Rxc3 Qxc3+ 30. Kf1 Qxc4+ 31. Kg1 Qb4 32. Qc7 Qb1+ 33. Kg2 Qe4+
34. f3 Qc2+ 35. Kg1 Qc3 36. Rxh7 Qxe3+ 37. Kh2 Qf2+ 38. Kh3 Qf1+ 39. Kh2 Qf2+
40. Kh3 Qf1+ 41. Kh2 Qf2+ 42. Kh3 Qf1+ 1/2-1/2

[Event "Challenge"]
[Site "http://www.queenalice.com/game.php?id=137565"]
[Date "2006.12.5"]
[Round "-"]
[White "pedrinho_mec04"]
[Black "debia"]
[Result "0-1"]
[WhiteElo "1251"]
[BlackElo "1256"]

1. c4 g6 2. d3 b6 3. g3 Bb7 4. Nf3 f5 5. Qc2 Nf6 6. Bh3 Nc6 7. Na3 a5 8. Qc3 e5
9. Nxe5 d6 10. Nxc6 Bxc6 11. Rg1 Qe7 12. Bg5 Bg7 13. Nb5 Bxb5 14. cxb5 O-O 15.
Rc1 Rfe8 16. Qxc7 Qxe2# 0-1

[Event "AUTO-BEG-47"]
[Site "http://www.queenalice.com/game.php?id=138050"]
[Date "2006.12.6"]
[Round "1"]
[White "pedrinho_mec04"]
[Black "Gunnm"]
[Result "0-1"]
[WhiteElo "1202"]
[BlackElo "1275"]

1. c4 c6 2. b3 e6 3. Nc3 b6 4. g3 Nf6 5. Bg2 d5 6. d3 Bc5 7. Nf3 Ng4 8. Rf1 Qf6
9. Bd2 O-O 10. Bh3 d4 11. Na4 Nd7 12. Nxc5 Nxc5 13. Bxg4 a5 14. Bf4 Rd8 15. Ng5
e5 16. Bxc8 Raxc8 17. Bd2 h6 18. Nf3 e4 19. dxe4 Nxe4 20. Bc1 c5 21. Qc2 d3 22.
Qb2 d2+ 23. Kd1 Nc3+ 24. Qxc3 Qxc3 25. Rb1 dxc1+=Q# 0-1

[Event "AUTO-BEG-47"]
[Site "http://www.queenalice.com/game.php?id=138051"]
[Date "2006.12.6"]
[Round "1"]
[White "Gunnm"]
[Black "pedrinho_mec04"]
[Result "1-0"]
[WhiteElo "1298"]
[BlackElo "1182"]

1. e4 f6 2. d4 b5 3. Nc3 a6 4. Be3 Bb7 5. Bd3 c6 6. Qf3 g6 7. Nge2 Qc7 8. O-O-O
Bh6 9. g3 Qd6 10. h4 Qe6 11. Nf4 Qd6 12. Rhe1 Qb4 13. a3 Qa5 14. d5 e6 15. d6 f5
16. e5 b4 17. Nb1 Qxe5 18. h5 Qf6 19. hxg6 hxg6 20. axb4 Bg5 21. Nc3 Rh6 22. g4
Qe5 23. Bc5 a5 24. Rxe5 axb4 25. Bxb4 Rh4 26. Rg1 Ra1+ 27. Nb1 Na6 28. Ra5 Rxa5
29. Bxa5 Bf6 30. gxf5 gxf5 31. Rxg8+ Kf7 32. Qg3 Rh1+ 33. Kd2 Rxb1 34. Qg6# 1-0

[Event "AUTO-BEG-47"]
[Site "http://www.queenalice.com/game.php?id=138052"]
[Date "2006.12.6"]
[Round "1"]
[White "pedrinho_mec04"]
[Black "ricardosf"]
[Result "1-0"]
[WhiteElo "1241"]
[BlackElo "1191"]

1. c4 c5 2. b3 Nf6 3. Ba3 Ne4 4. f3 Nf2 5. Kxf2 e5 6. Nc3 b5 7. Nxb5 Qh4+ 8. g3
Qh5 9. Rc1 a6 10. Nc7+ Kd8 11. Nxa8 e4 12. fxe4 f5 13. d3 fxe4 14. dxe4 Bb7 15.
Qd2 Bxe4 16. Bg2 Qf5+ 17. Bf3 Bxa8 18. Qf4 Qxf4 19. gxf4 Bd6 20. Bxa8 Bxf4 21.
Rc3 Rf8 22. Bxc5 Bd2+ 23. Bxf8 g5 24. Rh3 h5 25. Rxh5 Ke8 26. Rh8 d5 27. h4 g4
28. Kg3 dxc4 29. bxc4 Nd7 30. Bd6+ Kf7 31. Rh2 Nf6 32. Rf2 Ke6 33. Rd8 Ne4+ 34.
Bxe4 a5 35. Rf5 Bb4 36. Bc5 Bxc5 37. Rxc5 1-0

[Event "AUTO-BEG-47"]
[Site "http://www.queenalice.com/game.php?id=138053"]
[Date "2006.12.6"]
[Round "1"]
[White "ricardosf"]
[Black "pedrinho_mec04"]
[Result "0-1"]
[WhiteElo "1140"]
[BlackElo "1226"]

1. c4 b6 2. a4 Ba6 3. Nf3 Bxc4 4. b3 Bd5 5. g4 e6 6. Nc3 Bc6 7. d4 Bb4 8. Bd2
Nf6 9. g5 Nh5 10. g6 hxg6 11. Bg5 Bxc3+ 12. Nd2 Qc8 13. a5 Bxh1 14. Qc1 Bxd4 15.
axb6 Bc6 16. Rxa7 Rxa7 17. bxa7 Na6 18. Qa3 Bxa7 19. Nc4 Nf6 20. f4 Rxh2 21. Ne5
Bf2+ 22. Kd1 Rh1 23. Kd2 Rxf1 24. f5 Be4 25. e3 c5 26. Qxa6 Qxa6 27. fxg6 fxg6
28. Nxg6 Bxg6 29. b4 Qa3 30. bxc5 Bg3 31. Ke2 Rf2+ 32. Ke1 Qa1# 0-1

[Event "Challenge"]
[Site "http://www.queenalice.com/game.php?id=140082"]
[Date "2006.12.12"]
[Round "-"]
[White "debia"]
[Black "pedrinho_mec04"]
[Result "1-0"]
[WhiteElo "1348"]
[BlackElo "1221"]

1. e4 c6 2. f3 e6 3. a3 b6 4. d4 Qc7 5. g3 b5 6. b4 Qb6 7. Bf4 h5 8. c3 Rh6 9.
Bxh6 Nxh6 10. h3 Qc7 11. Ne2 Be7 12. Nd2 Ba6 13. e5 d6 14. f4 c5 15. bxc5 dxc5
16. Bg2 Nc6 17. Be4 b4 18. axb4 cxb4 19. Rxa6 f5 20. Bxc6+ Kd8 21. Bxa8 Qb8 22.
Bc6 bxc3 23. Nxc3 Qc8 24. Qa4 Qc7 25. Rxa7 Qb6 26. Ra8+ Kc7 27. Nb5+ Kxc6 28.
Rc8+ Kd7 29. Na7+ 1-0